| 000 | 00305nam a2200121 i 4500 | ||
|---|---|---|---|
| 001 | bg | ||
| 245 | 0 |
_aPierwiastki rzadkie i metalurgia chemiczna. _nCz. 1, _pPierwiastki rzadkie. |
|
| 260 |
_aWrocław, _c1976. |
||
| 040 | _cBPK | ||
| 041 | _apol | ||
| 942 | _cKS | ||
| 008 | s pl f |000 0 pol | ||
| 999 |
_c47102 _d47102 |
||
| 856 |
_uhttp://koha.tu.koszalin.pl/cgi-bin/koha/opac-detail.pl?biblionumber=47102 _yKatalog online BPK |
||